000 00739nab a2200229 u 4500
001 09407
003 HDC
007 cr bn ---aaaaa
008 210201c2010 my dr|nes 0 a may d
040 _aHDC
245 0 _aVaksin Halal Meningokokus
260 _aKuala Lumpur :
_bUtusan Melayu (M) Bhd.,
_c2010
336 _atext
_2rdacontent
337 _acomputer
_2rdamedia
338 _aonline resource
_2rdacarrier
650 _aHalal vaccine
_zMalaysia
_99723
650 _ameningokokus disease
_99724
856 _zRequest full-text at [email protected]
942 _2lcc
942 _cNEWS
942 _kNWSC 002464
999 _c6730
_d6730